American archaeology in the mideast : a history of the American schools of oriental research /

Saved in:

Main Author: King, Philip J. (Author)

Format: Book

Language: English

Published: Philadelphia : American Schools of Oriental Research, c1983.

Subjects:

Tags: Add Tag

No Tags, Be the first to tag this record!

Call Number: DS56 .K52 1983

LEADER 00889namaa2200265 4500
001 20782
003 OSt
005 20260311085014.0
008 130303s1983 paua b 001 0 eng d
010 |a 82024337 
020 |a 0879595083 
040 |c ARCE Library 
043 |a aw-----  |a n-us--- 
050 4 |a DS56 .K52 1983 
100 1 |a King, Philip J.,  |e author 
245 1 0 |a American archaeology in the mideast :  |b a history of the American schools of oriental research /   |c Philip J. King. 
264 1 |a Philadelphia :  |b American Schools of Oriental Research,  |c c1983. 
300 |a xiv, 291 pages :  |b illustrations ;  |c 24 cm. 
504 |a Includes bibliographical references and index. 
610 2 0 |a American Schools of Oriental Research  |x History. 
650 0 |a Archaeologists  |z United States. 
651 0 |a Middle East  |x Antiquities. 
901 |a reviewed 
942 |c BK  |2 lcc 
999 |c 17223  |d 17223